[Event "Roncana op-C 8th"]
[Site "Santa Eulalia de Roncana"]
[Date "2014.11.29"]
[Round "7"]
[White "Torrus Lopez, Oliver"]
[Black "Gonzalez Mateo, Gerard"]
[Result "0-1"]
[WhiteElo "1700"]
[BlackElo "1705"]
[PlyCount "72"]
[EventDate "2014.10.11"]
[EventType "swiss"]
[EventRounds "8"]
[EventCountry "ESP"]
[SourceTitle "EXT 2022"]
[Source "ChessBase"]
[SourceDate "2021.10.06"]
[SourceVersion "1"]
[SourceVersionDate "2021.10.06"]
[SourceQuality "1"]

1. e4 c6 2. d4 d5 3. Nf3 dxe4 4. Ne5 Nf6 5. Nc3 g6 6. Bf4 Be6 7. Be2 Qa5 8. 0-0 Bg7 9. Nc4 Bxc4 10. Bxc4 0-0 11. Qe2 Nbd7 12. Nb5 cxb5 13. Bxb5 Nb6 14. Bd2 Qxb5 15. Qxb5 Rac8 16. Qb3 Nfd7 17. Bg5 Nc4 18. Bxe7 Nd2 19. Rad1 Nxb3 20. cxb3 Rfe8 21. Bd6 Rc6 22. Ba3 a5 23. Rfe1 Rec8 24. f3 exf3 25. Rf1 b5 26. Rxf3 b4 27. Re1 bxa3 28. Rfe3 Bxd4 29. Kf2 axb2 30. Kf3 Bxe3 31. Rxe3 b1Q 32. Kf2 Qxa2+ 33. Re2 Qxb3 34. Re8+ Rxe8 35. Kg1 Qe3+ 36. Kh1 Rc1# 0-1